000 00734nam a2200217 u 4500
001 000502278
003 AM-YeHGA
005 20250617134643.0
008 061003s1977 ||| r 000 0 rus d
040 _aAM-YeHGA
041 0 _arus
100 1 _aАдилов, Джурабай Адилович
245 1 0 _aСибирская язва в Узбекистане /
_cД.А. Адилов.
260 _aТашкент :
_bМедицина УзССР,
_c1977.
300 _a207 с.
504 _aБиблиогр.: с. 204-207
650 1 4 _aДиагностика дифференциальная
650 1 4 _aЛечебные методы
653 0 _aСибирская язва - Узбекистан
090 _c187387
999 _c185927
_d185927